| 000 | 00675nam a2200265Ia 4500 | ||
|---|---|---|---|
| 005 | 20251020182453.0 | ||
| 008 | 200515s9999 xx 000 0 und d | ||
| 020 | _a978-84-283-2946-0 | ||
| 082 | _a621.395.6/F38 | ||
| 100 | _aBarbado Santana, José Antonio | ||
| 100 | _aFernández García, Carmelo | ||
| 245 | 0 | _aInstalaciones de telefonía : Prácticas | |
| 260 | _aMadrid | ||
| 260 | _bParaninfo | ||
| 260 | _c2008 | ||
| 300 | _a330 p. | ||
| 300 | _bil., tbl., graf. | ||
| 500 | _a1 ejemplar | ||
| 650 | _aELECTRICIDAD | ||
| 650 | _aELECTRONICA | ||
| 650 | _aINSTALACIONES DE TELEFONIA | ||
| 650 | _aLINEAS TELEFONICAS | ||
| 942 | _cLIB | ||
| 999 |
_c908 _d908 |
||